New hope for people with borderline personality disorder / (Record no. 727)

MARC details
000 -LEADER
fixed length control field 01143cam a22003374a 4500
005 - DATE AND TIME OF LATEST TRANSACTION
control field 20260322212031.0
008 - FIXED-LENGTH DATA ELEMENTS--GENERAL INFORMATION
fixed length control field data
010 ## - LIBRARY OF CONGRESS CONTROL NUMBER
LC control number 2001036979
020 ## - INTERNATIONAL STANDARD BOOK NUMBER
International Standard Book Number 0761525726
020 ## - INTERNATIONAL STANDARD BOOK NUMBER
International Standard Book Number 9780761525721
040 ## - CATALOGING SOURCE
Original cataloging agency DLC
Transcribing agency DLC
Modifying agency DLC
042 ## - AUTHENTICATION CODE
Authentication code pcc
050 00 - LIBRARY OF CONGRESS CALL NUMBER
Classification number RC569.5.B67
Item number B63 2002
082 00 - DEWEY DECIMAL CLASSIFICATION NUMBER
Classification number 616.85/852
Edition information 21
092 ## - LOCALLY ASSIGNED DEWEY CALL NUMBER (OCLC)
Classification number 616.85 B63 2002
001 - CONTROL NUMBER
control field data
100 1# - MAIN ENTRY--PERSONAL NAME
Personal name Bockian, Neil R.
245 10 - TITLE STATEMENT
Title New hope for people with borderline personality disorder /
Statement of responsibility, etc. Neil R. Bockian, Valerie Porr & Nora Elizabeth Villagran.
246 30 - VARYING FORM OF TITLE
Title proper/short title Borderline personality disorder
250 ## - EDITION STATEMENT
Edition statement 1st ed.
260 ## - PUBLICATION, DISTRIBUTION, ETC.
Place of publication, distribution, etc. Roseville, Calif. :
Name of publisher, distributor, etc. Prima,
Date of publication, distribution, etc. c2002.
300 ## - PHYSICAL DESCRIPTION
Extent xviii, 331 p. :
Other physical details ill. ;
Dimensions 23 cm.
440 #0 - SERIES STATEMENT/ADDED ENTRY--TITLE
Title New hope series
500 ## - GENERAL NOTE
General note Includes index.
500 ## - GENERAL NOTE
General note Notes: p. 297-314.
650 #0 - SUBJECT ADDED ENTRY--TOPICAL TERM
Topical term or geographic name entry element Borderline personality disorder
Form subdivision Popular works.
700 1# - ADDED ENTRY--PERSONAL NAME
Personal name Porr, Valerie.
700 1# - ADDED ENTRY--PERSONAL NAME
Personal name Villagran, Nora Elizabeth.
856 42 - ELECTRONIC LOCATION AND ACCESS
Materials specified Contributor biographical information
Uniform Resource Identifier <a href="http://www.loc.gov/catdir/bios/random053/2001036979.html">http://www.loc.gov/catdir/bios/random053/2001036979.html</a>
856 42 - ELECTRONIC LOCATION AND ACCESS
Materials specified Publisher description
Uniform Resource Identifier <a href="http://www.loc.gov/catdir/description/random0414/2001036979.html">http://www.loc.gov/catdir/description/random0414/2001036979.html</a>
Holdings
Withdrawn status Lost status Damaged status Not for loan Home library Current library Shelving location Date acquired Total checkouts Full call number Barcode Date last seen Price effective from Koha item type
        Franklin Franklin General stacks 22/03/2026   616.85/852 21 BC0010744 22/03/2026 22/03/2026 Books